[Event "TIPC 2012"]
[Site "Charleroi"]
[Date "2012.07.29"]
[Round "2.17"]
[White "Noiroux, Kevin"]
[Black "Majewski, Philippe"]
[Result "1-0"]
[LiveChessVersion "1.4-u16"]
[BlackElo "1871"]
[WhiteElo "2154"]

1. d4 Nf6 2. Nf3 d5 3. c3 c6 4. Bf4 Bg4 5. Ne5 Nbd7 6. Nxg4 Nxg4 7. e4 Ngf6 8. e5
Ng8 9. c4 e6 10. b3 Ne7 11. Be2 Ng6 12. Bg3 Bb4+ 13. Kf1 Be7 14. Bg4 dxc4 15.
bxc4 Nb6 16. h4 Nxc4 17. h5 Nf8 18. Nc3 Nd7 19. h6 g6 20. Ne4 b5 21. Bf3 Rc8 22.
Nd6+ Bxd6 23. exd6 Ndb6 24. Qe1 Nd5 25. Be5 O-O 26. Bg7 Re8 27. d7 Qxd7 28. Kg1
Qe7 29. a4 a5 30. Be2 Ndb6 31. Qb1 b4 32. Qc2 Na3 33. Qb3 c5 34. dxc5 Rxc5 35.
Rxa3 Rc1+ 36. Bf1 bxa3 37. Qxb6 a2 38. Qxa5 a1=Q 39. Bxa1 Rxa1 40. Qe5 Rxf1+ 41.
Kxf1 f6 42. Qb5 Rd8 43. g3 g5 44. Kg2 Qd6 45. Rb1 Kf7 46. Qb7+ Qd7 47. Qe4 Qd5
48. Rb7+ Kg8 49. Rg7+ Kh8 50. Rxh7+ Kg8 51. Rg7+ Kh8 52. Qxd5 exd5 53. Kf3 d4 54.
Ke2 Ra8 55. Rf7 Ra6 56. Kd3 Kg8 57. h7+ Kh8 58. Kxd4 g4 59. Ke3 Rxa4 60. Rxf6
Kxh7 61. Rf4 Ra3+ 62. Ke2 Ra2+ 63. Kf1 Kg6 64. Rxg4+ Kf5 65. Rf4+ Kg5 66. Kg2 Ra1
67. Rb4 Ra2 68. g4 Ra3 69. f3 Kh4 70. Kf2 Ra2+ 71. Ke3 Kg3 72. g5 Ra3+ 73. Ke4
Rxf3 74. Ke5 Ra3 75. g6 1-0

[Event "TIPC 2012"]
[Site "Charleroi"]
[Date "2012.07.29"]
[Round "2.18"]
[White "Wirth, Charles"]
[Black "Van Uytven, Eric"]
[Result "1/2-1/2"]
[LiveChessVersion "1.4-u16"]
[BlackElo "2151"]
[WhiteElo "1880"]

1. d4 d5 2. Nf3 c6 3. e3 Nf6 4. Bd3 Bg4 5. Nbd2 Nbd7 6. O-O e5 7. dxe5 Nxe5 8.
Be2 Ng6 9. b3 Bd6 10. Bb2 O-O 11. c4 Qe7 12. cxd5 cxd5 13. Nd4 Qe5 14. g3 Qh5 15.
Bxg4 Nxg4 16. N2f3 Qh3 17. Qe2 Rac8 18. Nf5 Be5 19. Bxe5 N6xe5 20. N5d4 Rc6 21.
Rfc1 Rf6 22. Rc5 g6 23. Rxd5 Re8 24. Rc1 a6 25. Rcc5 Nc6 26. Nxc6 bxc6 27. Rd4 h5
28. Rf4 Rd6 29. Rc1 Red8 30. Qf1 Qxf1+ 31. Kxf1 Rd1+ 32. Rxd1 Rxd1+ 33. Ke2 Rb1
34. Rd4 c5 35. Rd2 Nf6 36. Kd3 Rc1 37. Ne5 Nd5 38. a3 Rc3+ 39. Ke2 Nf6 40. Rd3
Rc2+ 41. Kf3 1/2-1/2

[Event "TIPC 2012"]
[Site "Charleroi"]
[Date "2012.07.29"]
[Round "2.19"]
[White "Lagaert, Lisa"]
[Black "Mastalerz, Xavier"]
[Result "1/2-1/2"]
[LiveChessVersion "1.4-u16"]
[BlackElo "2144"]
[WhiteElo "1866"]

1. d4 d5 2. Bf4 Nf6 3. e3 c5 4. c3 Nc6 5. Nd2 Bf5 6. Ngf3 Qb6 7. Qb3 c4 8. Qxb6
axb6 9. Nh4 Bd7 10. a3 b5 11. Rc1 h6 12. Bg3 Nh5 13. Be2 Nxg3 14. hxg3 g5 15.
Nhf3 g4 16. Nh4 e5 17. f3 exd4 18. exd4 h5 19. Kf2 Bg7 20. Rb1 O-O-O 21. Bd1 Rde8
22. Bc2 Kc7 23. Bf5 Ne7 24. Bxd7 Kxd7 25. Rbe1 Bf6 26. Nf1 Bxh4 27. Rxh4 Ng6 28.
Rxe8 Kxe8 29. Rh1 gxf3 30. gxf3 h4 31. gxh4 Nf4 32. Ne3 Nd3+ 33. Kg3 Rg8+ 34. Kh2
Rh8 35. Kg3 Rg8+ 36. Kh2 Rh8 37. Kg3 Rg8+ 1/2-1/2

[Event "TIPC 2012"]
[Site "Charleroi"]
[Date "2012.07.29"]
[Round "2.20"]
[White "De Villers, Mourad"]
[Black "Smekens, Ruben"]
[Result "1-0"]
[LiveChessVersion "1.4-u16"]
[BlackElo "1861"]
[WhiteElo "2137"]

1. c4 c5 2. g3 g6 3. Bg2 Bg7 4. Nc3 Nc6 5. Nf3 Nf6 6. d4 cxd4 7. Nxd4 Nxd4 8.
Qxd4 O-O 9. O-O a6 10. c5 Re8 11. Rd1 Qc7 12. Na4 d6 13. Nb6 Rb8 14. cxd6 exd6
15. Bf4 Ne4 16. Qb4 Bf5 17. g4 a5 18. Qb5 Be5 19. gxf5 Bxf4 20. Nd5 Bxh2+ 21.
Kxh2 Qd8 22. f6 Re5 23. Ne7+ Qxe7 24. fxe7 Rxb5 25. Bxe4 Re5 26. Rxd6 Rxe7 27.
Bf3 b5 28. Rad1 Kg7 29. Rd7 Kf6 30. Kg3 h5 31. Rxe7 Kxe7 32. Rd5 a4 33. Rc5 Kd6
34. Rc6+ Ke5 35. e3 b4 36. Ra6 b3 37. Rxa4 bxa2 38. Rxa2 f6 39. Ra5+ Ke6 40. Bd5+
Kd6 41. b3 g5 42. Bc4 Rh8 43. Ra6+ Ke7 44. Ra7+ Kd6 45. Rf7 h4+ 46. Kg4 Rh6 47.
Bf1 Ke6 48. Ra7 Rh8 49. Ra6+ Ke7 50. Bg2 Rh6 51. Ra7+ Ke6 52. b4 Rh8 53. Ra6+ Ke7
54. b5 1-0

[Event "TIPC 2012"]
[Site "Charleroi"]
[Date "2012.07.30"]
[Round "3.1"]
[White "Lafosse, Jimmy"]
[Black "Zubarev, Alexander"]
[Result "0-1"]
[LiveChessVersion "1.4-u16"]
[BlackElo "2596"]
[WhiteElo "2136"]

1. Nf3  d5  2. c4  d4
 3. b4  g6  4. Bb2
 Bg7  5. d3  e5 
6. g3  Ne7  7. Bg2  c5
 8. bxc5  Nd7  9. Nbd2
 Nxc5  10. O-O  O-O
 11. Ba3  Qc7  12. Rb1
 Rb8  13. Rb5  b6
 14. Bxc5  bxc5  15. Rxb8
 Qxb8  16. Qb3  Qc7
 17. Qa3  Bd7  18. Rb1
 Rc8  19. Ne1  Nc6
 20. Nc2  Bf8  21. Qa6
 Rb8  22. Rxb8  Nxb8
 23. Qb7  Qxb7  24. Bxb7
 f5  25. Na3  a6 
26. Nb3  Kf7  27. Bd5+  Ke8
 28. Na5  Kd8  29. Nb1
 Kc7  30. Nd2  Kb6
 31. Ndb3  Bc8  32. Kf1
 Nd7  33. Be6  Kc7
 34. g4  Nb6  35. gxf5
 gxf5  36. Bxc8  Nxc8
 37. Nd2  Be7  38. Nab3
 Nb6  39. e3  Na4
 40. Nb1  Kd6  41. Ke2
 Bd8  42. exd4  exd4
 43. f4  Ke6  44. Kf3
 Bc7  45. Na3  Bd6
 46. Nb1  Nb2  47. Nc1
 Bc7  48. Nd2  Ba5
 49. Ndb3  Bb4  50. Na1
 Kd6  51. Nc2  Bc3
 52. Ke2  Na4  53. Ne1
 Bb2  54. Kd2  Nc3
 55. Ne2  Nxa2  56. Kc2
 Bc3  57. Kb3  Bxe1
 58. Kxa2  Bd2  59. Kb3
 Ke6  60. Kc2  Be3
 61. Kb3  Kf6  62. Ka4
 Bd2  63. Ng1  Bxf4
 64. Ka5  Kg5  65. Kb6
 Bd6  66. Kc6  Bf8
 67. Ne2  f4  68. Kd5
 f3  69. Ng3  Kf4
 70. Ne4  Ke3  0-1

[Event "TIPC 2012"]
[Site "Charleroi"]
[Date "2012.07.30"]
[Round "3.2"]
[White "Van Cappellen, Jonas"]
[Black "Kveinys, Aloyzas"]
[Result "0-1"]
[LiveChessVersion "1.4-u16"]
[BlackElo "2523"]
[WhiteElo "2103"]

1. e4  c5  2. Nf3  e6
 3. d4  cxd4  4. Nxd4
 a6  5. Bd3  Nf6 
6. Nc3  d6  7. O-O  g6
 8. a4  Bg7  9. Bg5
 Nbd7  10. h3  O-O
 11. Qd2  Nc5  12. b4
 Nxd3  13. cxd3  e5
 14. Nf3  Be6  15. d4
 Rc8  16. d5  Bd7
 17. Qb2  h6  18. Be3
 Nh5  19. Nd2  Nf4
 20. Kh2  Qg5  21. Rg1
 Qh5  22. Bxf4  exf4
 23. Rac1  f3  24. Nxf3
 Bxh3  0-1

[Event "TIPC 2012"]
[Site "Charleroi"]
[Date "2012.07.30"]
[Round "3.3"]
[White "Ringoir, Tanguy"]
[Black "De Villers, Mourad"]
[Result "1-0"]
[LiveChessVersion "1.4-u16"]
[BlackElo "2137"]
[WhiteElo "2427"]

1. d4  Nf6  2. c4  g6
 3. Nc3  Bg7  4. e4
 d6  5. h3  O-O 
6. Be3  c6  7. Nf3  a6
 8. Bd3  b5  9. O-O
 Nbd7  10. e5  Ne8
 11. Be4  Qb6  12. c5
 Qc7  13. exd6  exd6
 14. Bf4  Ndf6  15. Rc1
 b4  16. cxd6  Qa7
 17. Bxc6  bxc3  18. Bxa8
 Qxa8  19. bxc3  Ne4
 20. c4  N8xd6  21. d5
 Rd8  22. Re1  Nc3
 23. Qb3  Nde4  24. Be5
 Bxe5  25. Nxe5  Qa7
 26. Re3  Qxe3  27. fxe3
 Ne2+  28. Kh2  Nxc1
 29. Qc2  1-0

[Event "TIPC 2012"]
[Site "Charleroi"]
[Date "2012.07.30"]
[Round "3.4"]
[White "Remy, Joël"]
[Black "Vandevoort, Pascal"]
[Result "0-1"]
[LiveChessVersion "1.4-u16"]
[BlackElo "2388"]
[WhiteElo "2048"]

1. d4  Nf6  2. Nf3  g6
 3. e3  Bg7  4. c4
 O-O  5. Be2  c5 
6. O-O  cxd4  7. exd4  d5
 8. b3  Nc6  9. Bb2
 b6  10. Nc3  Bb7
 11. Ne5  Rc8  12. f4
 dxc4  13. Nxc6  Bxc6
 14. bxc4  e6  15. Nb5
 Qd7  16. Ba3  Rfd8
 17. Nd6  Rb8  18. Rc1
 Ne8  19. d5  Ba4
 20. dxe6  fxe6  0-1

[Event "TIPC 2012"]
[Site "Charleroi"]
[Date "2012.07.30"]
[Round "3.5"]
[White "Sarrau, Jelle"]
[Black "Schneider, Hans-Peter"]
[Result "1-0"]
[LiveChessVersion "1.4-u16"]
[BlackElo "2130"]
[WhiteElo "2306"]

1. d4  d5  2. c4  e6
 3. Nc3  c5  4. cxd5
 exd5  5. Nf3  Nc6
 6. g3  Nf6  7. Bg2
 Be7  8. O-O  O-O
 9. Bg5  cxd4  10. Nxd4
 h6  11. Be3  Re8
 12. Qb3  Na5  13. Qb5
 Bd7  14. Qd3  Bg4
 15. h3  Be6  16. Rad1
 Nc4  17. Bc1  Qa5
 18. Nxe6  fxe6  19. e4
 Nb6  20. exd5  exd5
 21. Be3  Kh8  22. Bxb6
 Qxb6  23. Nxd5  Qxb2
 24. Rb1  Qe5  25. Nf4
 Qd6  26. Qg6  Bf8
 27. Rxb7  a5  28. Qf5
 Ra6  29. Rfb1  Kg8
 30. Bf1  Rc6  31. Qb5
 Rc3  32. Bc4+  Kh7
 33. Qf5+ 1-0

[Event "TIPC 2012"]
[Site "Charleroi"]
[Date "2012.07.30"]
[Round "3.6"]
[White "Gilles, Jean-Claude"]
[Black "Rooze, Jan"]
[Result "0-1"]
[LiveChessVersion "1.4-u16"]
[BlackElo "2294"]
[WhiteElo "1975"]

1. e4  c5  2. Nf3  e6
 3. d4  cxd4  4. Nxd4
 Nc6  5. Be3  Nf6
 6. Nc3  Bb4  7. Nxc6
 bxc6  8. f3  O-O
 9. a3  Be7  10. Be2
 d5  11. O-O  Qc7
 12. Qe1  Rd8  13. exd5
 cxd5  14. Bf2  Bd7
 15. Bd3  Rab8  16. Rb1
 Be8  17. Bg3  Bd6
 18. Bxd6  Rxd6  19. Kh1
 Rdb6  20. b3  Rc8
 21. Ne2  e5  22. Qh4
 Bb5  23. Bxb5  Rxb5
 24. a4  Rc5  25. c3
 Re8  26. Qg3  Rc6
 27. Rbd1  Qb7  28. Rb1
 Rb6  29. b4  Qa6
 30. a5  Rbe6  31. Rfe1
 Qc4  32. h3  a6 
33. Kh2  Nd7  34. Qg4  Qc7
 35. Kh1  g6  36. Rbd1
 f5  37. Qg3  Qc4
 38. Kh2  Nf6  39. Qf2
 R6e7  40. Qe3  Qc7
 41. Kh1  Kg7  42. Ra1
 Qc4  43. Red1  Rb7
 44. Rab1  Qc6  45. Nc1
 d4  46. cxd4  Nd5
 47. Qd2  Nc3  48. d5
 Qc4  0-1

[Event "TIPC 2012"]
[Site "Charleroi"]
[Date "2012.07.30"]
[Round "3.7"]
[White "Wiley, Tom"]
[Black "Apemiye, Austin"]
[Result "1/2-1/2"]
[LiveChessVersion "1.4-u16"]
[BlackElo "2069"]
[WhiteElo "2283"]

1. e4  e6  2. d3  d5
 3. Qe2  b6  4. exd5
 Qxd5  5. Nc3  Qd7
 6. Nf3  Nc6  7. Be3
 Bb4  8. g3  Bb7 
9. Bg2  Rb8  10. O-O  Nf6
 11. a3  Bxc3  12. bxc3
 O-O  13. a4  Rfe8
 14. Bg5  Nd5  15. c4
 Ndb4  1/2-1/2

[Event "TIPC 2012"]
[Site "Charleroi"]
[Date "2012.07.30"]
[Round "3.8"]
[White "Truwant, Pieter"]
[Black "Le Quang, Kim"]
[Result "0-1"]
[LiveChessVersion "1.4-u16"]
[BlackElo "2282"]
[WhiteElo "1959"]

1. d4  f5  2. g3  Nf6
 3. Bg2  g6  4. c4
 Bg7  5. Nc3  O-O
 6. h4  d6  7. Nh3
 e5  8. dxe5  dxe5
 9. Qb3  c6  10. Bd2
 Na6  11. c5+  Kh8
 12. Ng5  Nxc5  13. Qa3
 Ne6  14. O-O-O  Qe8
 15. Be3  Ng4  16. Bc5
 Nxc5  17. Qxc5  e4
 18. f3  exf3  19. Bxf3
 Qe3+  20. Qxe3  Nxe3
 21. Rd3  Nc4  22. Rd8
 Rxd8  23. Nf7+  Kg8
 24. Nxd8  Kf8  25. h5
 Bf6  26. hxg6  hxg6
 0-1

[Event "TIPC 2012"]
[Site "Charleroi"]
[Date "2012.07.30"]
[Round "3.9"]
[White "Maes, Wim"]
[Black "Marte, Sébastien"]
[Result "1-0"]
[LiveChessVersion "1.4-u16"]
[BlackElo "1995"]
[WhiteElo "2268"]

1. g3  Nf6  2. Bg2  c5
 3. Nf3  Nc6  4. O-O
 d5  5. d3  e6 
6. Nbd2  Be7  7. e4  O-O
 8. Re1  Qc7  9. e5
 Nd7  10. Qe2  Re8
 11. Nf1  f6  12. exf6
 Bxf6  13. Ng5  Nb6
 14. Nxh7  Qf7  15. Nxf6+
 Qxf6  16. Ne3  Nd4
 17. Qd1  Bd7  18. Ng4
 Qf5  19. Re5  Qf7
 20. Rg5  Nf5  21. Ne5
 Qf6  22. Bf4  Rac8
 23. Qh5  Bb5  24. Bh3
 Nd4  25. c3  1-0

[Event "TIPC 2012"]
[Site "Charleroi"]
[Date "2012.07.30"]
[Round "3.10"]
[White "Bomans, Arno"]
[Black "Roels, Frederik"]
[Result "1-0"]
[LiveChessVersion "1.4-u16"]
[BlackElo "1966"]
[WhiteElo "2245"]

1. d4  d5  2. c4  c6
 3. Nf3  Nf6  4. Nc3
 dxc4  5. a4  Bf5
 6. Ne5  Nbd7  7. Nxc4
 Nb6  8. Ne5  e6 
9. a5  Nbd5  10. f3  Bb4
 11. Qb3  Qe7  12. Bd2
 O-O  13. g4  c5 
14. dxc5  Bxc3  15. bxc3  Qc7
 16. Nd3  Bxd3  17. exd3
 Qxc5  18. d4  Qd6
 19. c4  Ne7  20. Qb2
 Rfd8  21. Bc3  Qf4
 22. Be2  Nc6  23. Rd1
 e5  24. d5  e4 
25. O-O  Ne7  26. Bxf6  gxf6
 27. fxe4  Qxe4  28. Rxf6
 Ng6  29. Rdf1  Rd7
 30. R1f2  Re8  31. d6
 Re5  32. R6f5  Rxd6
 33. Rxf7  Qe3  34. Qxb7
 Ne7  35. Qb8+ 1-0

[Event "TIPC 2012"]
[Site "Charleroi"]
[Date "2012.07.30"]
[Round "3.11"]
[White "De Strycker, Nathan"]
[Black "Sclacmender, Julien"]
[Result "1/2-1/2"]
[LiveChessVersion "1.4-u16"]
[BlackElo "2223"]
[WhiteElo "1884"]

1. d4 Nf6 2. c4 g6 3. Nc3 d5 4. e3 Bg7 5. Qb3 e6 6. Qa3 Nc6 7. Nf3 Ne7 8. Bd3 O-O
9. O-O Nf5 10. Bd2 Nd6 11. Ne5 Nfe4 12. Nxe4 dxe4 13. Be2 Nf5 14. Bb4 f6 15. Ng4
h5 16. Bxf8 Bxf8 17. Qb3 hxg4 18. Bxg4 Ne7 19. Rad1 f5 20. Be2 c6 21. f3 exf3 22.
Rxf3 Bg7 23. Qb4 Qc7 24. Qe1 Bd7 25. Qh4 Kf7 26. g4 Rh8 27. Qf2 e5 28. Qg3 Qb8
29. e4 f4 30. dxe5 Ke8 31. Qxf4 Qxe5 32. Qxe5 Bxe5 33. h3 g5 34. Rfd3 Be6 35.
Rd8+ Kf7 36. Rxh8 Bxh8 37. b3 c5 38. Bf3 Be5 39. Rd3 Nc6 40. a3 Kf6 41. Kg2 Bd4
42. Bd1 Ne5 43. Rd2 Ng6 44. Kf3 Ke5 45. Bc2 a5 46. a4 Bd7 47. Rd1 Bc6 48. Re1 Nf4
49. Rh1 Ng6 50. Re1 Ke6 51. Rf1 Be5 52. Ke3 Bf4+ 53. Kf2 Ke5 54. Rd1 Nf8 55. Rd8
Ne6 56. Ra8 Bd2 57. Ke2 Bb4 58. Ke3 Nf4 59. Rf8 Nxh3 60. Rf5+ Ke6 61. Kf3 Ke7 62.
Kg3 Nf4 63. Rxg5 Ne6 64. Rh5 Be1+ 65. Kh2 Nd4 66. Bd1 Kf6 67. Rxc5 Bxe4 68. Rc8
Bb4 69. Kg3 Bd6+ 70. Kf2 Ne6 71. Ke3 Ke5 72. Re8 Bc5+ 73. Kd2 Bg6 74. Rh8 Kd4 75.
Bc2 Bb4+ 76. Kc1 Nf4 77. Kb2 Bc3+ 78. Kb1 Ke3 79. Rh2 1/2-1/2

[Event "TIPC 2012"]
[Site "Charleroi"]
[Date "2012.07.30"]
[Round "3.12"]
[White "Lacroix, Bruno"]
[Black "Van Vlaenderen, Koen"]
[Result "1-0"]
[LiveChessVersion "1.4-u16"]
[BlackElo "1964"]
[WhiteElo "2183"]

1. f4 c5 2. Nf3 Nc6 3. e4 a6 4. Be2 e6 5. O-O Qc7 6. d3 d5 7. c3 Nf6 8. e5 Nd7 9.
d4 g6 10. Be3 b5 11. Nbd2 h5 12. a4 b4 13. c4 Ne7 14. Rc1 Nf5 15. Bf2 Bb7 16. Nb3
dxc4 17. Bxc4 Rd8 18. Qe2 Qb6 19. dxc5 Nxc5 20. Bd3 Rxd3 21. Nxc5 Rxf3 22. gxf3
Be7 23. Nxb7 Qxb7 24. Qe4 Qb8 25. Qc6+ Kf8 26. Qc8+ Kg7 27. Qxb8 Rxb8 28. b3 a5
29. Rfd1 Bd8 30. Rd7 Ne7 31. Bh4 Bb6+ 32. Bf2 Bd8 33. Kf1 Nd5 34. Rc6 Nxf4 35.
Rcd6 Bg5 36. h4 Bh6 37. Rc6 Nd5 38. Ra6 Rc8 39. Raa7 Rc1+ 40. Kg2 Rc2 41. Rxf7+
Kg8 42. Kg3 Rb2 43. Rfd7 Bf4+ 44. Kh3 Bh6 45. Rd8+ Bf8 46. Kg3 g5 47. Bc5 gxh4+
48. Kxh4 1-0

[Event "TIPC 2012"]
[Site "Charleroi"]
[Date "2012.07.30"]
[Round "3.13"]
[White "Oger, Daniel"]
[Black "Noiroux, Kevin"]
[Result "0-1"]
[LiveChessVersion "1.4-u16"]
[BlackElo "2154"]
[WhiteElo "1829"]

1. d4 d6 2. Nf3 Nf6 3. c4 Nbd7 4. Nc3 e5 5. e4 exd4 6. Nxd4 g6 7. Be2 Bg7 8. O-O
O-O 9. Re1 Re8 10. Bf1 Nc5 11. f3 c6 12. Be3 a5 13. Rc1 Nfd7 14. Nb3 Nxb3 15.
Qxb3 Nc5 16. Qc2 Qc7 17. Rcd1 Be5 18. Qd2 b6 19. Bf4 Be6 20. Bxe5 dxe5 21. Qd6
Rac8 22. Qxc7 Rxc7 23. Rd6 Kf8 24. Red1 Ke7 25. Kf2 g5 26. g3 f6 27. Ke3 h5 28.
R6d2 h4 29. Nd5+ cxd5 30. cxd5 Rd7 31. dxe6 Rxd2 32. Rxd2 Nxe6 33. Bb5 Rd8 34.
Rxd8 Kxd8 35. Bc4 Nc5 36. f4 hxg3 37. hxg3 Ke7 38. fxg5 fxg5 39. b3 Nd7 40. Bb5
Nf6 41. Be2 Kd6 42. a3 Kc5 43. Bc4 a4 44. Bf7 axb3 45. Bxb3 Nh5 46. Kf3 Nf6 47.
Ke3 Kb5 48. Bd1 Kc4 49. a4 Nd7 50. Bc2 Nc5 51. Bd1 Kc3 52. Kf3 Kd2 53. Be2 Nxa4
54. Bc4 Nc3 55. Bd5 Kd3 56. Bg8 Kd4 57. Bf7 b5 58. Bg8 b4 59. Bf7 Nxe4 60. Bg6
Nf6 61. Bb1 b3 0-1

[Event "TIPC 2012"]
[Site "Charleroi"]
[Date "2012.07.30"]
[Round "3.14"]
[White "Shchekachev, Andrei"]
[Black "Mabille, Natacha"]
[Result "1-0"]
[LiveChessVersion "1.4-u16"]
[BlackElo "1853"]
[WhiteElo "2528"]

1. Nf3 Nc6 2. d4 d5 3. c4 e6 4. Nc3 Nf6 5. Bg5 Be7 6. e3 a6 7. Rc1 O-O 8. Bd3
dxc4 9. Bxc4 b5 10. Bd3 Bb7 11. O-O h6 12. Bxf6 Bxf6 13. Ne4 Be7 14. Nc5 Bxc5 15.
Rxc5 Qe7 16. Bb1 g6 17. Qd2 Rac8 18. Rfc1 Rfd8 19. Rxc6 Bxc6 20. Rxc6 Rd6 21. Rc5
Kg7 22. h4 Rd5 23. Rxd5 exd5 24. b4 Rd8 25. g3 h5 26. Ne5 Rd6 27. Kg2 Qe8 28. Qc3
Qe7 29. Bd3 Qd8 30. Be2 f6 31. Nd3 c6 32. Qc5 Qc7 33. Nf4 Kf7 34. Bf3 Rd7 35. Qc2
f5 36. Bxh5 gxh5 37. Qxf5+ Kg8 38. Ne6 Qd6 39. Qg6+ Kh8 40. Qe8+ Kh7 41. Nf8+ 1-0

[Event "TIPC 2012"]
[Site "Charleroi"]
[Date "2012.07.30"]
[Round "3.16"]
[White "Schuermans, Robert"]
[Black "Ancion, Mérowig"]
[Result "1-0"]
[LiveChessVersion "1.4-u16"]
[BlackElo "1956"]
[WhiteElo "2202"]

1. e4 e5 2. f4 exf4 3. Bc4 Qh4+ 4. Kf1 Nf6 5. Nf3 Qh6 6. e5 Nh5 7. Kf2 Be7 8. d4
g5 9. Nc3 g4 10. Nd5 Bd8 11. Nd2 c6 12. Ne4 cxd5 13. Nd6+ Kf8 14. Bxd5 Nc6 15.
Nxf7 Qg7 16. Nxh8 Nxd4 17. Re1 g3+ 18. hxg3 Qxg3+ 19. Kg1 Bb6 20. Be3 Ne2+ 21.
Rxe2 Bxe3+ 22. Rxe3 Qxe3+ 23. Kh2 Ng3 24. Qg4 Qxe5 25. Qg8+ Ke7 26. Qxh7+ Kf6 27.
Qh6+ 1-0

[Event "TIPC 2012"]
[Site "Charleroi"]
[Date "2012.07.30"]
[Round "3.17"]
[White "Van Uytven, Eric"]
[Black "Rousseau, Jean-François"]
[Result "1/2-1/2"]
[LiveChessVersion "1.4-u16"]
[BlackElo "1896"]
[WhiteElo "2151"]

1. e4 c5 2. Nf3 Nc6 3. c3 e6 4. d4 d5 5. exd5 exd5 6. Be2 Nf6 7. O-O Be7 8. Bg5
Qb6 9. Na3 a6 10. Qb3 Qxb3 11. axb3 cxd4 12. Nb5 O-O 13. Nbxd4 h6 14. Bh4 g5 15.
Bg3 Ne4 16. b4 Nxd4 17. Nxd4 Nxg3 18. hxg3 Be6 19. Rfe1 Bf6 20. Rad1 Rfe8 21. g4
Rad8 22. Bf3 Bc8 23. Rxe8+ Rxe8 24. Kf1 Re5 25. g3 h5 26. gxh5 g4 27. Bg2 Rxh5
28. Nb3 Be6 29. Kg1 Re5 30. Nd4 Bg5 31. Kf1 Kg7 32. Re1 Rxe1+ 33. Kxe1 Kf6 34.
Nb3 Ke5 35. Nc5 Bc8 36. Ke2 b6 37. Nd3+ Kd6 1/2-1/2

[Event "TIPC 2012"]
[Site "Charleroi"]
[Date "2012.07.30"]
[Round "3.19"]
[White "Mastalerz, Xavier"]
[Black "Wirth, Charles"]
[Result "1-0"]
[LiveChessVersion "1.4-u16"]
[BlackElo "1880"]
[WhiteElo "2144"]

1. e4 e6 2. d4 d5 3. Nc3 Bb4 4. e5 Ne7 5. Bd2 Nf5 6. a3 Ba5 7. Nf3 Nc6 8. Bg5 f6
9. exf6 gxf6 10. Bf4 Qe7 11. Bb5 Bd7 12. O-O Rg8 13. Re1 Qg7 14. g3 Nce7 15.
Bxd7+ Kxd7 16. Qe2 Bxc3 17. Qxe6+ Kd8 18. bxc3 Qg4 19. Kg2 Rg7 20. Qxf6 Rg8 21.
Bg5 1-0

[Event "TIPC 2012"]
[Site "Charleroi"]
[Date "2012.07.30"]
[Round "3.20"]
[White "Grillmaier, Philippe"]
[Black "Uhoda, Philippe"]
[Result "1-0"]
[LiveChessVersion "1.4-u16"]
[BlackElo "2106"]
[WhiteElo "1830"]

1. d4 Nf6 2. Nc3 d5 3. Bg5 Nbd7 4. Nf3 c6 5. Qd3 g6 6. e4 dxe4 7. Nxe4 Nxe4 8.
Qxe4 Bg7 9. Bc4 Nf6 10. Qe2 O-O 11. O-O Bg4 12. c3 h6 13. Bh4 g5 14. Bg3 Nd5 15.
Rfe1 e6 16. Bd3 Qf6 17. Be5 Bxf3 18. gxf3 Qe7 19. Qe4 f5 20. Qe2 Rae8 21. Qc2
Bxe5 22. Rxe5 Qf7 23. Rae1 Qh5 24. Qd1 Nf4 25. Bf1 Rf6 26. R1e3 Ref8 27. Bc4 Nh3+
28. Kf1 Nf4 29. Kg1 Nh3+ 30. Kf1 Qh4 31. Qc2 Nf4 32. Bxe6+ Rxe6 33. Rxe6 Qxh2 34.
Ke1 Qg1+ 35. Kd2 Qxf2+ 36. Kd1 Qxc2+ 37. Kxc2 Nxe6 38. Rxe6 Kg7 39. Kd3 g4 40.
Ke3 f4+ 41. Kf2 g3+ 42. Kg2 Rf5 43. Re7+ Rf7 44. Re4 Kg6 45. c4 h5 46. Re6+ Rf6
47. Re7 Rf7 48. Re6+ Kg5 49. Re5+ Rf5 50. Re7 Ra5 51. a3 b6 52. Re6 c5 53. d5 Ra4
54. Re5+ Kf6 55. Re4 1-0

[Event "TIPC 2012"]
[Site "Charleroi"]
[Date "2012.07.30"]
[Round "4.1"]
[White "Zubarev, Alexander"]
[Black "Maes, Wim"]
[Result "1-0"]
[LiveChessVersion "1.4-u16"]
[BlackElo "2268"]
[WhiteElo "2596"]

1. d4  Nf6  2. c4  g6
 3. Nc3  Bg7  4. e4
 d6  5. Be2  O-O 
6. Bg5  Na6  7. h4  e5
 8. d5  c6  9. g4
 cxd5  10. cxd5  Qb6
 11. Rb1  Qd4  12. f3
 Bd7  13. Bxa6  Qxd1+
 14. Kxd1  bxa6  15. Nge2
 Rfc8  16. Be3  Be8
 17. h5  Rc7  18. Kd2
 Nd7  19. hxg6  fxg6
 20. g5  Nb6  21. b3
 Rf7  22. Rhf1  Bd7
 23. Ng1  Rc8  24. Rfc1
 Be8  25. Nce2  Rfc7
 26. a4  Rxc1  27. Rxc1
 Rxc1  28. Nxc1  Bf8
 29. Nd3  a5  30. f4
 exf4  31. Bxf4  Be7
 32. Nf3  Nc8  33. Nb2
 Bd8  34. Nc4  Bc7
 35. Kd3  Bd7  36. Bd2
 Bh3  37. Ke2  Bg4
 38. Bxa5  Bxa5  39. Nxa5
 Nb6  40. Ke3  Nd7
 41. Nb7  Bxf3  42. Kxf3
 Ne5+  43. Kf4  Nf7
 44. b4  Kf8  45. b5
 Ke8  46. Na5  Ne5
 47. Nc6  Nd3+  48. Ke3
 Nc5  49. a5  a6 
50. bxa6  Nxa6  51. Kd4  Kd7
 52. Kc4  Nc7  53. Nd4
 Kc8  54. Ne6  Na6
 55. Kb5  Kb7  56. e5
 dxe5  57. Nc5+  1-0

[Event "TIPC 2012"]
[Site "Charleroi"]
[Date "2012.07.30"]
[Round "4.2"]
[White "Kveinys, Aloyzas"]
[Black "Bomans, Arno"]
[Result "1/2-1/2"]
[LiveChessVersion "1.4-u16"]
[BlackElo "2245"]
[WhiteElo "2523"]

1. d4  d5  2. Nf3  Nf6
 3. c4  c6  4. e3
 Bf5  5. Nc3  e6 
6. Nh4  Bg6  7. Be2  Nbd7
 8. O-O  Be7  9. g3
 O-O  10. Nxg6  hxg6
 11. Qb3  Qb6  12. Rd1
 Qxb3  13. axb3  a6
 14. Bd2  Rfe8  15. Be1
 Rac8  16. Kg2  Bf8
 17. f3  c5  18. g4
 Nb6  19. Na4  Nxa4
 20. Rxa4  e5  21. dxc5
 Bxc5  22. Bf2  dxc4
 23. Rxc4  b5  24. Rcc1
 Bb4  25. e4  Rxc1
 26. Rxc1  Re6  27. Be3
 Kf8  28. Kf2  Ne8
 29. g5  Rd6  30. Rc2
 Rd7  31. Bf1  Rc7
 32. Rxc7  Nxc7  33. Bh3
 Ke7  34. Bc8  Kd6
 35. Ke2  a5  1/2-1/2

[Event "TIPC 2012"]
[Site "Charleroi"]
[Date "2012.07.30"]
[Round "4.3"]
[White "Rooze, Jan"]
[Black "Ringoir, Tanguy"]
[Result "0-1"]
[LiveChessVersion "1.4-u16"]
[BlackElo "2427"]
[WhiteElo "2294"]

1. e4  c6  2. d4  d5
 3. e5  Bf5  4. Nf3
 e6  5. Be2  c5 
6. Be3  cxd4  7. Nxd4  Ne7
 8. c4  dxc4  9. Qa4+
 Qd7  10. Nb5  Nd5
 11. N1c3  Bb4  12. O-O-O
 Bxc3  13. bxc3  O-O
 14. g4  Bg6  15. Bxc4
 a6  16. Be2  Qc6
 0-1

[Event "TIPC 2012"]
[Site "Charleroi"]
[Date "2012.07.30"]
[Round "4.4"]
[White "Vandevoort, Pascal"]
[Black "Lacroix, Bruno"]
[Result "1-0"]
[LiveChessVersion "1.4-u16"]
[BlackElo "2183"]
[WhiteElo "2388"]

1. e4  c5  2. Nf3  d6
 3. d4  cxd4  4. Nxd4
 Nf6  5. Nc3  a6 
6. h3  Nc6  7. g4  Nxd4
 8. Qxd4  e5  9. Qd3
 Be6  10. Bg2  Rc8
 11. f4  Be7  12. g5
 Nd7  13. f5  Bc4
 14. Qg3  f6  15. h4
 Nb6  16. Qf3  Bf7
 17. Qg4  Rc4  18. g6
 hxg6  19. fxg6  Bg8
 20. h5  Qc7  21. Bd2
 d5  22. h6  d4 
23. h7  dxc3  24. hxg8=Q+  Rxg8
 25. bxc3  f5  26. Qxf5
 Rf8  27. Qh3  Qc6
 28. Rf1  Rxf1+  29. Kxf1
 Qxg6  30. Rb1  Rc6
 31. Bf3  Qf6  32. Ke2
 Qe6  33. Qxe6  Rxe6
 34. Be3  Bd8  35. a4
 g6  36. Bf2  Nxa4
 37. Rxb7  Rd6  38. c4
 Rd7  39. Rb3  Be7
 40. Bg4  Rd8  41. Rh3
 Bg5  42. Ra3  Nb2
 43. Rxa6  Kf7  44. Be6+
 1-0